Nutrición clínica /
Contenido: 1) Generalidades de nutrición: requerimientos y recomendaciones; 2) Dieta correcta y el plato del bien comer; 3) Nutrición y alimentación en las diferentes etapas de la vida; 4) Ejercicio y nutrición; 5) Nutrición en la odontología; 6) Dietoterapia; 7) Procesos patológicos del esófago, es...
Tallennettuna:
| Päätekijä: | |
|---|---|
| Muut tekijät: | |
| Aineistotyyppi: | Kirja |
| Kieli: | espanja |
| Julkaistu: |
México :
El Manual Moderno,
2022, c2022
|
| Painos: | 3a edición |
| Aiheet: | |
| Tagit: |
Ei tageja, Lisää ensimmäinen tagi!
|
MARC
| LEADER | 00000nam^a2200000^a^4500 | ||
|---|---|---|---|
| 001 | 000579887 | ||
| 005 | 20250521000000.0 | ||
| 009 | 20260310132538.347 | ||
| 020 | |a 978-607-448-881-4 | ||
| 037 | |a Acervo ITESO - Biblioteca | ||
| 041 | |a ESP | ||
| 082 | |a 612. 39 |b TEL | ||
| 100 | |a Téllez Villagómez, María Elena |e (autor) | ||
| 240 | 1 | 1 | |a [Nutrición clínica] |
| 245 | 1 | 0 | |a Nutrición clínica / |c M.E. Téllez Villagómez ; colaboración de L.G. Avalos Aviles et al. |
| 250 | |a 3a edición | ||
| 264 | 4 | |a México : |b El Manual Moderno, |c 2022, c2022 | |
| 300 | |a XX, 459 p. | ||
| 336 | |a texto |b txt |2 rdacontenido | ||
| 337 | |a sin mediación |b n |2 rdamedio | ||
| 338 | |a volumen |b nc |2 rdasoporte | ||
| 520 | |a Contenido: 1) Generalidades de nutrición: requerimientos y recomendaciones; 2) Dieta correcta y el plato del bien comer; 3) Nutrición y alimentación en las diferentes etapas de la vida; 4) Ejercicio y nutrición; 5) Nutrición en la odontología; 6) Dietoterapia; 7) Procesos patológicos del esófago, estómago e intestinales; 8) Dietoterapia en hepatopatías, vesícula y vías biliares; 9) Alergias alimentarias; 10) Nutrición y osteoporosis; 11) Otras enfermedades de importancia nutricional; 12) Dietoterapia en los padecimientos del aparato cardiovascular; 13) Dietoterapia en enfermedades respiratorias; 14) Dietoterapia en las enfermedades metabólicas; 15) Dietoterapia en los padecimientos del aparato urinario; 16) Dietoterapia en los trastornos en la conducta alimentaria; 17) Dietoterapia en obesidad; 18) Respuesta metabólica al trauma, nutrición en cirugía y apoyo nutricio. | ||
| 521 | |a Peticiones 2024 | ||
| 649 | |a XX | ||
| 650 | |a Ejercicio Físico | ||
| 650 | |a Alergia a los Alimentos | ||
| 650 | |a Osteoporosis | ||
| 650 | |a Sistema Circulatorio - |x Enfermedades | ||
| 650 | |a Sistema Digestivo - |x Enfermedades | ||
| 650 | |a Sistema Respiratorio - |x Enfermedades | ||
| 650 | |a Sistema Urinario - |x Enfermedades | ||
| 650 | |a Obesidad | ||
| 650 | |a Trastornos de la Alimentación | ||
| 650 | |a Metabolismo - |x Trastornos - |x Tema Principal | ||
| 650 | |a Enfermedades - |x Prevención | ||
| 650 | |a Dietoterapia - |x Tema Principal | ||
| 650 | |a Nutrición - |x Trastornos | ||
| 650 | |a Nutrición - |x Tema Principal | ||
| 650 | |a Medicina Clínica | ||
| 650 | |a Medicina | ||
| 700 | |a Avalos Aviles, Lissette Gabriela |e (colaboración) | ||
| 910 | |a Fondo General | ||
| 920 | |a Impresos - Libros | ||
| 930 | |a Colección General | ||
| 905 | |a 101 | ||
| 901 | |a 0500410505 |b IT1 |c ACC |i C185474 |u 20250521 | ||
| 902 | |a https://opac.biblio.iteso.mx/vufind/Record/000579887 | ||